| 000 | 00441nam a2200181Ia 4500 | ||
|---|---|---|---|
| 001 | 21415 | ||
| 005 | 20260306172917.0 | ||
| 008 | 260306t2000||||xx |||||||||||||| ||spa|| | ||
| 041 | _aESP | ||
| 082 |
_a344.83E _bA11 |
||
| 100 |
_aAbanto Vásquez, Manuel A. [1963-...] _eAUT |
||
| 245 | 0 | _aDerecho penal económico | |
| 260 | _c2000 | ||
| 300 |
_a531 páginas : _c20 cm. |
||
| 650 | _aGEN | ||
| 654 | _aCDE | ||
| 942 |
_cLIB _dJUS _fJUS _2ddc _n |
||
| 999 |
_c21415 _d21415 |
||